书目信息 |
| 题名: |
近百年来《国语》校诂研究
|
|
| 作者: | 郭万青 | |
| 分册: | ||
| 出版信息: | 南京 凤凰出版社 2016.12 |
|
| 页数: | 586页 | |
| 开本: | 20cm | |
| 丛书名: | ||
| 单 册: | ||
| 中图分类: | K225.04 | |
| 科图分类: | ||
| 主题词: | 中国--古代史--奴隶社会 | |
| 电子资源: | ||
| ISBN: | 978-7-5506-2510-5 | |
| 000 | 00575nam0 2200181 450 | |
| 001 | 2362810928 | |
| 005 | 20230524172823.58 | |
| 010 | @a978-7-5506-2510-5@dCNY88.00 | |
| 100 | @a20230524d2016 km y0chiy0120 ea | |
| 101 | 0 | @achi |
| 200 | 1 | @a近百年来《国语》校诂研究 @AJin Bai Nian Lai《Guo Yu》Xiao Gu Yan Jiu @f郭万青@FGuo Wan Qing |
| 210 | @a南京@c凤凰出版社@d2016.12 | |
| 215 | @a586页@d20cm | |
| 606 | 0 | @a中国@x古代史@x奴隶社会 |
| 690 | @aK225.04@v4 | |
| 701 | 0 | @a郭万青@AGuo Wan Qing |
| 801 | 0 | @aCN@b大连网信软件有限公司图书馆·11@c20230524 |
| 905 | @aZUCC@dK225.04@e107 | |
| 近百年来《国语》校诂研究 /郭万青.-南京:凤凰出版社,2016.12 |
| 586页;20cm |
| ISBN 978-7-5506-2510-5:CNY88.00 |
| ● |
| 相关链接 |
|
|
|
|
正题名:近百年来《国语》校诂研究
索取号:K225.04/107
 
预约/预借
| 序号 | 登录号 | 条形码 | 馆藏地/架位号 | 状态 | 备注 |
| 1 | 1052651 | 210526518 | 第二样本阅览室/ [索取号:K225.04/107] | 在馆 |